LEADING CONSCIOUSLY A PILGRIMAGE TOWARD (Record no. 18232)

MARC details
000 -LEADER
fixed length control field 00372nam a2200133Ia 4500
008 - FIXED-LENGTH DATA ELEMENTS--GENERAL INFORMATION
fixed length control field 240624s9999 xx 000 0 und d
041 ## - LANGUAGE CODE
Language code of text/sound track or separate title eng
082 ## - DEWEY DECIMAL CLASSIFICATION NUMBER
Classification number 658.4092 CHA
100 ## - MAIN ENTRY--PERSONAL NAME
Personal name CHATTERJEE DEBASHIS
245 ## - TITLE STATEMENT
Title LEADING CONSCIOUSLY A PILGRIMAGE TOWARD
260 ## - PUBLICATION, DISTRIBUTION, ETC.
Date of publication, distribution, etc. 2002
Place of publication, distribution, etc. New Delhi
Name of publisher, distributor, etc. Viva Books Private Limited
300 ## - PHYSICAL DESCRIPTION
Extent xxii, : 221 : p. : cm. ; 23
365 ## - TRADE PRICE
Currency code RS
Holdings
Withdrawn status Lost status Damaged status Not for loan Home library Current library Shelving location Date acquired Cost, normal purchase price Full call number Barcode Date last seen Copy number Price effective from Koha item type
        IMTN IMTN Rack 30-B 12/16/2011 195.00 658.4092 CHA 18232 06/24/2024 1 06/24/2024 Books
Designed & Maintained by: LRC IMT Nagpur Contact: lrc@imtnag.ac.in© 2024. All Rights Reserved.